|
|
|
|
| LEADER |
01200nam a2200301 u 4500 |
| 001 |
10117975 |
| 003 |
upatras |
| 005 |
20210117205615.0 |
| 008 |
151016s1987 us eng |
| 020 |
|
|
|a 0521326095
|
| 040 |
|
|
|a GR-PaULI
|c GR-PaULI
|
| 041 |
0 |
|
|a eng
|
| 082 |
0 |
4 |
|a 155.232
|
| 245 |
1 |
0 |
|a Empathy and its development
|c ; edited by Nancy Eisenberg and Janet Strayer
|
| 260 |
|
|
|a Cambridge
|b Cambridge University Press
|c 1987
|
| 300 |
|
|
|a x, 406 p.
|b ill.
|c 24 cm.
|
| 490 |
0 |
|
|a Cambridge studies in social and emotional development
|
| 504 |
|
|
|a Includes bibliographical references and index
|
| 650 |
|
4 |
|a Ταύτιση (Ψυχολογία)
|9 146915
|
| 650 |
|
4 |
|a Παιδιά
|x Ανάπτυξη
|9 1204
|
| 700 |
1 |
|
|a Eisenberg, Nancy
|4 edt
|9 146916
|
| 700 |
1 |
|
|a Strayer, Janet
|4 edt
|9 146917
|
| 760 |
0 |
|
|a Cambridge studies in social and emotional development
|
| 852 |
|
|
|a GR-PaULI
|b ΠΑΤΡΑ
|b ΠΤΔΕ
|k ΑΣΧΞ
|h 155.232 EMP
|m 11482
|p 025000211302
|t 1
|
| 942 |
|
|
|2 ddc
|c BK15
|
| 952 |
|
|
|0 0
|1 0
|4 0
|6 155_232000000000000_EMP
|7 0
|9 185476
|a PTDE
|b PTDE
|d 2016-04-24
|i 11482
|l 0
|o 155.232 EMP
|p 025000211302
|r 2016-04-24 00:00:00
|t 1
|w 2016-04-24
|y BK15
|
| 998 |
|
|
|c ΤΣΕΝΕ
|d 2015-10
|
| 999 |
|
|
|c 114275
|d 114275
|